[Event "Hilversum op"]
[Site "Hilversum"]
[Date "2023.06.23"]
[Round "1"]
[White "Roebers, Eline"]
[Black "Van Wijk, Peter"]
[Result "1-0"]
[WhiteElo "2415"]
[BlackElo "2001"]
[PlyCount "73"]
[EventDate "2023.06.23"]
[EventType "swiss"]
[EventRounds "6"]
[EventCountry "NED"]
[SourceTitle "CBM 214 Extra"]
[Source "ChessBase"]
[SourceDate "2023.07.31"]
[SourceVersion "1"]
[SourceVersionDate "2023.07.31"]
[SourceQuality "1"]

1. e4 c5 2. Nf3 d6 3. d4 cxd4 4. Nxd4 Nf6 5. Nc3 g6 6. Be3 Bg7 7. f3 0-0 8. Qd2 Nc6 9. 0-0-0 d5 10. Nxc6 bxc6 11. Bc4 e6 12. Bb3 Qc7 13. h4 Ba6 14. Na4 Nd7 15. Qf2 Rfc8 16. Nc5 Nxc5 17. Bxc5 Qe5 18. c3 dxe4 19. Rhe1 Bh6+ 20. Be3 Bxe3+ 21. Rxe3 Qc5 22. Rd4 Rd8 23. Rexe4 Rxd4 24. Qxd4 Qxd4 25. Rxd4 Bf1 26. g3 Bg2 27. Bd1 a6 28. Rd7 Kf8 29. Rc7 e5 30. Rxc6 f5 31. Rc7 h5 32. Rh7 Kg8 33. Re7 e4 34. fxe4 Bxe4 35. Bb3+ Kf8 36. Rf7+ Ke8 37. Rg7 1-0

[Event "World Corporate East B"]
[Site "Chess.com INT"]
[Date "2021.02.19"]
[Round "1.1"]
[White "Kashlinskaya, Alina"]
[Black "Van Wijk, Peter"]
[Result "1-0"]
[WhiteElo "2494"]
[BlackElo "1930"]
[PlyCount "75"]
[EventDate "2021.02.19"]
[EventType "team (rapid)"]
[EventRounds "7"]
[EventCountry "USA"]
[SourceTitle "EXT 2022"]
[Source "ChessBase"]
[SourceDate "2021.10.06"]
[SourceVersion "1"]
[SourceVersionDate "2021.10.06"]
[SourceQuality "1"]
[WhiteTeam "Grenke Bank"]
[BlackTeam "Barendrecht ICT"]
[WhiteTeamCountry "GER"]
[BlackTeamCountry "NED"]

1. d4 Nf6 2. c4 c5 3. d5 e6 4. Nc3 exd5 5. cxd5 d6 6. Nf3 g6 7. Nd2 Bg7 8. e4 0-0 9. Be2 Re8 10. 0-0 Nbd7 11. h3 h6 12. a4 g5 13. f4 gxf4 14. Rxf4 Ne5 15. Rf2 a6 16. Nf1 Rb8 17. Ng3 c4 18. Qf1 b5 19. axb5 axb5 20. Be3 Ng6 21. Kh1 b4 22. Nd1 Nxe4 23. Nxe4 Rxe4 24. Rxf7 Qe8 25. Raa7 Re7 26. Rfxe7 Nxe7 27. Bxc4 Rb7 28. Ra8 Qf7 29. Qxf7+ Kxf7 30. b3 Bf5 31. Nf2 Be5 32. g4 Bg6 33. Bxh6 Bg3 34. Kg2 Bxf2 35. Kxf2 Be4 36. Ra5 Kf6 37. Bf4 Ng6 38. Bxd6 1-0

[Event "World Corporate East B"]
[Site "Chess.com INT"]
[Date "2021.02.19"]
[Round "3.13"]
[White "Panda, P."]
[Black "Van Wijk, Peter"]
[Result "0-1"]
[WhiteElo "1572"]
[BlackElo "1930"]
[PlyCount "140"]
[EventDate "2021.02.19"]
[EventType "team (rapid)"]
[EventRounds "7"]
[EventCountry "USA"]
[SourceTitle "EXT 2022"]
[Source "ChessBase"]
[SourceDate "2021.10.06"]
[SourceVersion "1"]
[SourceVersionDate "2021.10.06"]
[SourceQuality "1"]
[WhiteTeam "Maruti Suzuki"]
[BlackTeam "Barendrecht ICT"]
[WhiteTeamCountry "IND"]
[BlackTeamCountry "NED"]

1. e4 c5 2. Nf3 d6 3. a3 g6 4. Bc4 Nc6 5. Nc3 Bg7 6. 0-0 Nf6 7. h3 0-0 8. Ba2 Rb8 9. Ne2 Nxe4 10. d3 Nf6 11. Bg5 Qc7 12. Qc1 b5 13. Bh6 e6 14. Bxg7 Kxg7 15. d4 cxd4 16. Nexd4 Nxd4 17. Nxd4 Bd7 18. Qd1 Rfd8 19. Re1 Qc5 20. c3 Re8 21. Rc1 e5 22. Nf3 Be6 23. Bb1 h6 24. Qe2 Bc4 25. Qd1 Nh5 26. Nd2 Bd5 27. Ne4 Bxe4 28. Rxe4 Rbd8 29. b4 Qc6 30. Qf1 d5 31. Re3 Qb6 32. Rce1 e4 33. Rd1 f5 34. Kh1 Qxe3 35. fxe3 Ng3+ 36. Kg1 Nxf1 37. Kxf1 Re7 38. Kf2 Rc7 39. Rc1 d4 40. exd4 Rxd4 41. Ke3 Rdc4 42. Kd2 e3+ 43. Kxe3 Rxc3+ 44. Rxc3 Rxc3+ 45. Kd2 Rxa3 46. Bd3 Rb3 47. Bxb5 Rxb4 48. Be2 a5 49. Bf3 a4 50. Kc2 a3 51. Bd5 Rb2+ 52. Kc1 Kf6 53. Bg8 Rxg2 54. Bd5 a2 55. Bxa2 Rxa2 56. Kb1 Rh2 57. Kc1 Ke5 58. Kd1 Ke4 59. Ke1 Ke3 60. Kd1 Rh1+ 61. Kc2 Kd4 62. Kb3 Rc1 63. Kb2 Rc3 64. h4 h5 65. Ka2 Kc4 66. Kb2 Kb4 67. Ka2 Rb3 68. Ka1 Kc3 69. Ka2 Kc2 70. Ka1 Ra3# 0-1